000 01074naa a2200277 c 4500
001 46570
003 ES-MaCES
005 20151020125053.0
008 151020s2015 us ||||| t||||||| ||eng d
040 _aES-MaCES
_bspa
_cES-MaCES
_dES-MaCES
100 1 _936128
_aRoelofs, Joan
245 1 0 _aHow foundations exercise power
_cJoan Roelofs
500 _aResumen
504 _aBibliografía: p. 673-675
650 4 _930815
_afundaciones
650 4 _927312
_aorganización sin fines de lucro
650 4 _926702
_aorganización no gubernamental
650 4 _927200
_apoder político
650 4 _927269
_asociedad
650 4 _929234
_adesarrollo económico y social
650 4 _930379
_aeconomía social
653 1 0 _aCiencias Sociales-Políticas
773 0 _983516
_dNew York (East 72 Street, 41, NY 10021) American Journal of Economics and Sociology
_o086416
_tThe American journal of Economics and Sociology
_w(ES-MaCES)25221
_gvol. 74, no. 4 (Sept. 2015) {10205 R. 086416} ;p. 654-675
902 _aART Artículo de revista
942 _2CES
_cAR
_h7.0.
999 _c46570
_d46570